01325nam a2200301Ia 4500001000600000003000900006008004100015040001300056040001300069041001300082100001100095100002900106242005600135242003400191242000800225245003100233245003100264250001100295260003200306260001100338260004900349300004300398500046900441650003500910650003100945700001900976700002800995E5580IT-RoPAU130308s9999 xx 000 0 und d aIT-RoPAU cIT-RoPAU aFRANCESE aAA.VV. gCodice Aut. SPICS: 12000 aTELEVISIONI DEL MONDO (LE)-UN PANORAMA DA 110 PAESI nCod. Traduzione Titolo: 79509 yITA aTelevisions du monde (Les) bTelevisions Du monde (Les) a2a ed. aCONDE' SUR NOIREAU (FRANCE) bCorlet c1995 [1° Ed.:1988 - Ed.Ling.Originale:1988] a"468 p. (prefazione: no ; testo: 468)" aTelevisioni del Mondo: un Panorama Sulle Situazioni televisive in Circa 160 paesi del Mondo. contributi di Autori vari per Ogni Nazione, Divisi in sette Raggruppamenti: America del Nord, America Latina, Europa Orientale, Europa Occidentale, Maghreb e Medio Oriente, Africa Nera, Asia e nazioni del Pacifico. Concezione e coordinamento Generale di Guy Hennebelle. Traduzione Italiana Dalla Prima Edizione. seconda Edizione rinnovata e con L'Aggiunta di Altri Paesi. aENCICLOPEDIE DELLA TELEVISIONE eCodice materia Spics: 6951 aHennebelle Guy gCodice Aut. SPICS: 5530